Normal view
MARC view
- Olympics
Entry Topical Term
001 - CONTROL NUMBER
- control field: 3967
003 - CONTROL NUMBER IDENTIFIER
- control field: NUST
005 - DATE AND TIME OF LATEST TRANSACTION
- control field: 20170818104648.0
008 - FIXED-LENGTH DATA ELEMENTS
- fixed length control field: 170818|| aca||aabn | a|a d
040 ## - CATALOGING SOURCE
- Original cataloging agency: NUST
- Transcribing agency: NUST
150 ## - HEADING--TOPICAL TERM
- Topical term or geographic name entry element: Olympics
- General subdivision: Records.
670 ## - SOURCE DATA FOUND
- Source citation: Work cat.: (NUST)0: Wallechinsky, David, 1948- 3965, The complete book of the Olympics /, 2012.
